000 00647nam a2200229 a 4500
001 BRCA_6812
005 20190320205613.0
008 041111s1935----mx-#######---#000-0#spa-#
041 _aspa
044 _amx
050 4 _aBX1740
_b.P76 1935
245 1 0 _aProcesos de Luis Carvajal (El mozo).
260 _aMéxico
_bTalleres Gráficos de la Nación
_c1935
300 _axii, 537 p.
_c24 cm.
440 0 _aPublicaciones del Archivo General de la Nación
_v28
_916989
500 _aN26
650 1 4 _aJudíos en México
_98224
650 1 4 _aInquisición
_zMéxico
_98130
650 1 4 _aCarvajal
_xFamilia
_916990
902 _aGFM
942 _2lcc
_cB
999 _c6495
_d6495